000 00218 a2200097 4500
001 14150
100 _aMinolta
245 _aPortrait photography
260 _aNew Jersey
_bMinolta corporation
_c
090 _c11094
_d11094
942 _aNUST-CAE
_cM
_c1219
999 _c249223
_d249223